|
|
|
|
| LEADER |
00000nam0a2200000 4500 |
| 001 |
105766 |
| 005 |
20231101214629.0 |
| 035 |
|
|
|a (RuTPU)RU\TPU\book\114126
|
| 090 |
|
|
|a 105766
|
| 100 |
|
|
|a 20061121d1975 k y0rusy50 ca
|
| 101 |
0 |
|
|a rus
|
| 102 |
|
|
|a RU
|
| 105 |
|
|
|a a z 001zy
|
| 200 |
1 |
|
|a Рифейские карбонатные отложения Юга-Востока Сибирской платформы и ее обрамления (состав и происхождение)
|f Ю. В. Давыдов
|g Академия наук СССР, Сибирское отделение, Институт геологии и геофизики ; отв. ред. Ю. П. Казанский
|
| 210 |
|
|
|a Новосибирск
|c Наука
|d 1975
|
| 215 |
|
|
|a 107 с.
|c ил.
|
| 225 |
1 |
|
|a Труды Института геологии и геофизики
|v Вып. 207
|
| 320 |
|
|
|a Библиогр.: с. 103-108.
|
| 330 |
|
|
|a В монографии впервые в мировой литературе раскрыт химизм карбонатообразования для древних геологических эпох. Расшифрованы специфические условия осадконакопления в позднем докембрии, показаны особенности климата, солености и состава вод рифейского бассейна рассмотрено и тщательно проанализировано влияние постседиментационных процессов. Работа рассчитана на геологов, интересующихся вопросами стратиграфии, литологии и геохимии докембрия.
|
| 610 |
1 |
|
|a геология
|
| 610 |
1 |
|
|a рифейские отложения
|
| 610 |
1 |
|
|a карбонатные отложения
|
| 610 |
1 |
|
|a Сибирская платформа
|
| 610 |
1 |
|
|a горные породы
|
| 610 |
1 |
|
|a формирование
|
| 610 |
1 |
|
|a химия
|
| 675 |
|
|
|a 552.54(571.5)
|v 3
|
| 700 |
|
1 |
|a Давыдов
|b Ю. В.
|g Юрий Владимирович
|
| 702 |
|
1 |
|a Казанский
|b Ю. П.
|4 340
|
| 712 |
0 |
2 |
|a Академия наук СССР
|b Сибирское отделение
|b Институт геологии и геофизики
|c (Новосибирск)
|c (1957-1990)
|2 stltpush
|3 (RuTPU)RU\TPU\col\128
|9 23211
|
| 801 |
|
1 |
|a RU
|b 63413507
|c 20061121
|g PSBO
|
| 801 |
|
2 |
|a RU
|b 63413507
|c 20230210
|g PSBO
|
| 942 |
|
|
|c BK
|